| Tag |
First Indicator |
Second Indicator |
Subfields |
| LEADER |
00000cgm a2200000Ma 4500 |
| 001 |
in00005563821 |
| 006 |
m o c |
| 007 |
vz |za|z| |
| 007 |
cr |n||||||||a |
| 008 |
140109s2009 enk002 g o vueng d |
| 005 |
20241201231457.4 |
| 035 |
|
|
|a (OCoLC)ocn874057180
|
| 040 |
|
|
|a ALSTP
|b eng
|e pn
|c ALSTP
|d OCLCF
|d OCLCQ
|d OCLCO
|d OCLCA
|d OCLCQ
|d INT
|d OCLCQ
|d WYU
|d OCLCO
|
| 020 |
|
|
|a 9781503437364
|
| 020 |
|
|
|a 1503437361
|
| 035 |
|
|
|a (OCoLC)874057180
|
| 049 |
|
|
|a TXAM
|
| 245 |
0 |
0 |
|a Lesson starters.
|n 1,
|p Hair and beauty diploma :
|b inspiration.
|
| 246 |
3 |
|
|a Hair and beauty diploma :
|b inspiration
|
| 260 |
|
|
|a [England] :
|b Teachers TV/UK Department of Education,
|c 2009.
|
| 300 |
|
|
|a 1 online resource (2 min.).
|
| 306 |
|
|
|a 000156
|
| 336 |
|
|
|a two-dimensional moving image
|b tdi
|2 rdacontent
|
| 337 |
|
|
|a computer
|b c
|2 rdamedia
|
| 338 |
|
|
|a online resource
|b cr
|2 rdacarrier
|
| 490 |
0 |
|
|a Teachers TV
|
| 500 |
|
|
|a Title from resource description page (viewed Jan. 9, 2014).
|
| 520 |
|
|
|a This clip is a classroom resource suitable for foundation and higher level Diplomas, years 10 and 11 for Hair and Beauty Studies. The clip shows a young female trainee at a hair and beauty salon in London as she goes about her daily duties and tasks, focusing on the topic of 'Inspiration'.
|
| 521 |
|
|
|a For High School audiences.
|
| 546 |
|
|
|a In English.
|
| 650 |
|
0 |
|a Hairdressing
|x Study and teaching.
|
| 650 |
|
0 |
|a Beauty operators
|x Training of.
|
| 650 |
|
0 |
|a Inspiration.
|
| 650 |
|
6 |
|a Coiffure
|x Étude et enseignement.
|
| 650 |
|
6 |
|a Inspiration.
|
| 650 |
|
7 |
|a Beauty operators
|x Training of.
|2 fast
|0 (OCoLC)fst00829374
|
| 650 |
|
7 |
|a Hairdressing
|x Study and teaching.
|2 fast
|0 (OCoLC)fst00950423
|
| 650 |
|
7 |
|a Inspiration.
|2 fast
|0 (OCoLC)fst00974230
|
| 655 |
|
4 |
|a Online media.
|
| 655 |
|
7 |
|a Instructional television programs.
|2 fast
|0 (OCoLC)fst01726126
|
| 655 |
|
7 |
|a Instructional television programs.
|2 lcgft
|
| 655 |
|
7 |
|a Émissions pédagogiques télévisées.
|2 rvmgf
|
| 710 |
2 |
|
|a Available Light Productions.
|4 pro
|
| 776 |
0 |
8 |
|i Original version:
|o W/3871/001
|
| 856 |
4 |
0 |
|u http://proxy.library.tamu.edu/login?url=https://www.aspresolver.com/aspresolver.asp?AVN2;1782927
|z Connect to this streaming video (Alexander Street Press)
|t 0
|
| 955 |
|
|
|a Alexander Street Press subscription streaming video
|
| 994 |
|
|
|a 92
|b TXA
|
| 999 |
f |
f |
|s 87d03e7c-af67-4f83-9b8d-0fcb3e458c8e
|i c7a66558-f209-4089-91c9-9c515effc609
|t 0
|
| 952 |
f |
f |
|a Texas A&M University
|b College Station
|c Electronic Resources
|d Available Online
|t 0
|h Library of Congress classification
|
| 998 |
f |
f |
|t 0
|l Available Online
|